Managerial economics : (Record no. 9871)

MARC details
000 -LEADER
fixed length control field 01295cam a2200349 i 4500
001 - CONTROL NUMBER
control field 18656728
003 - CONTROL NUMBER IDENTIFIER
control field OSt
005 - DATE AND TIME OF LATEST TRANSACTION
control field 20260612160032.0
008 - FIXED-LENGTH DATA ELEMENTS--GENERAL INFORMATION
fixed length control field 150612s2016 nyua 000 0 eng
010 ## - LIBRARY OF CONGRESS CONTROL NUMBER
LC control number 2015023382
020 ## - INTERNATIONAL STANDARD BOOK NUMBER
International Standard Book Number 9780078021909
Qualifying information (alk. paper)
035 ## - SYSTEM CONTROL NUMBER
System control number 18656728
040 ## - CATALOGING SOURCE
Original cataloging agency DLC
Language of cataloging eng
Transcribing agency DLC
Description conventions rda
Modifying agency DLC
042 ## - AUTHENTICATION CODE
Authentication code pcc
050 00 - LIBRARY OF CONGRESS CALL NUMBER
Classification number HD30.22
Item number .M39 2016
082 00 - DEWEY DECIMAL CLASSIFICATION NUMBER
Classification number 338.5 THO
Edition number 23
100 1# - MAIN ENTRY--PERSONAL NAME
Personal name Thomas, Christopher R.
245 10 - TITLE STATEMENT
Title Managerial economics :
Remainder of title foundations of business analysis and strategy /
Statement of responsibility, etc. Christopher R. Thomas, University of South Florida, S. Charles Maurice, Texas A&M University, Late Professor Emeritus.
250 ## - EDITION STATEMENT
Edition statement TWELFTH EDITION.
264 #1 - PRODUCTION, PUBLICATION, DISTRIBUTION, MANUFACTURE, AND COPYRIGHT NOTICE
Place of production, publication, distribution, manufacture New York, NY :
Name of producer, publisher, distributor, manufacturer McGraw-Hill Education,
Date of production, publication, distribution, manufacture, or copyright notice [2016]
300 ## - PHYSICAL DESCRIPTION
Extent xxi, 714 pages :
Other physical details illustrations ;
Dimensions 24 cm.
336 ## - CONTENT TYPE
Content type term text
Source rdacontent
337 ## - MEDIA TYPE
Media type term unmediated
Source rdamedia
338 ## - CARRIER TYPE
Carrier type term volume
Source rdacarrier
490 0# - SERIES STATEMENT
Series statement Managerial economics
500 ## - GENERAL NOTE
General note Revised edition of Managerial economics, 2013.
650 #0 - SUBJECT ADDED ENTRY--TOPICAL TERM
Topical term or geographic name as entry element Managerial economics.
700 1# - ADDED ENTRY--PERSONAL NAME
Personal name Maurice, S. Charles.
906 ## - LOCAL DATA ELEMENT F, LDF (RLIN)
a 7
b cbc
c orignew
d 1
e ecip
f 20
g y-gencatlg
942 ## - ADDED ENTRY ELEMENTS (KOHA)
Source of classification or shelving scheme Dewey Decimal Classification
Koha item type BOOKS
Holdings
Withdrawn status Lost status Source of classification or shelving scheme Damaged status Not for loan Home library Current library Shelving location Date acquired Total Checkouts Full call number Barcode Date last seen Copy number Price effective from Koha item type
    Dewey Decimal Classification     Dodoma Dodoma Ground Floor 12/06/2026   338.5 THO LIB*15144 12/06/2026 3 12/06/2026 BOOKS
    Dewey Decimal Classification     Dodoma Dodoma Ground Floor 12/06/2026   338.5 THO LIB*15145 12/06/2026 2 12/06/2026 BOOKS
    Dewey Decimal Classification     Dodoma Dodoma Ground Floor 12/06/2026   338.5 THO LIB*15150 12/06/2026 1 12/06/2026 BOOKS
    Dewey Decimal Classification     Dodoma Dodoma Ground Floor 12/06/2026   338.5 THO LIB*15143 12/06/2026 4 12/06/2026 BOOKS

IRDP © 2021 :: Managed by ICT Team